La religion romaine archaique

Saved in:
Bibliographic Details
Main Author: Dumézil, Georges (Author)
Format: Book
Language:French
Published: París Payot 1966
Series:Bibliothèque Historique
Subjects:
Tags: Add Tag
No Tags, Be the first to tag this record!

MARC

LEADER 00000nam a2200000 a 4500
001 UCP9070
003 CL-VaPUC
008 000317e19660000FR |||||||||||||||||fre|d
082 0 4 |a 937.01  |b DUM  |2 21 
100 0 |a Dumézil, Georges  |e author  |9 439404 
245 1 3 |a La religion romaine archaique 
300 |a 680 p 
942 |c BK 
945 |d 20000317 00:00:00  |a rherrera 
260 |a París  |b Payot  |c 1966 
650 0 |a Historia antigua  |9 267521 
650 7 |a ROMA  |2 CL-VaPUC  |9 317375 
650 7 |a ORIGENES  |2 CL-VaPUC  |9 367418 
650 7 |a RELIGION ROMANA  |2 CL-VaPUC  |9 439405 
650 0 |a Etruscos  |9 267523 
583 |a last modification  |c 20000317 00:00:00  |k Rodrigo Vera 
490 0 |a Bibliothèque Historique 
999 |c 285921  |d 285919 
952 |0 0  |1 0  |4 0  |6 937_010000000000000_DUM_1966  |7 0  |8 A  |9 330786  |a BIBHIS  |b BIBHIS  |d 2019-11-20  |i 1395556  |l 2  |m 3  |o 937.01 DUM 1966  |p 1395556  |r 2025-01-20  |s 2024-11-18  |w 2019-11-20  |y BK  |k HIS